000
00290nam a22001337a 4500
008
181105b xxu||||| |||| 00| 0 eng d
020
_a
9780030934193
041
_a
eng
080
_a
910
100
_a
42
101
_a
GJEO
245
_a
World Geography Today
_c
Sager,R
942
_2
udc
_c
BK
999
_c
51782
_d
51782